PERANCANGAN DAN PENTADBIRAN KEBUDAYAAN DI MALAYSIA / (Record no. 58963)

MARC details
000 -LEADER
fixed length control field 00994nam a2200313 n 4500
001 - CONTROL NUMBER
control field C2-0244779
003 - CONTROL NUMBER IDENTIFIER
control field PPAK
005 - DATE AND TIME OF LATEST TRANSACTION
control field 20220220163026.0
008 - FIXED-LENGTH DATA ELEMENTS--GENERAL INFORMATION
fixed length control field 030121s1983 my aob g o 0 may d
020 ## - INTERNATIONAL STANDARD BOOK NUMBER
Qualifying information paperback
040 ## - CATALOGING SOURCE
Original cataloging agency PPAK
Language of cataloging eng
Transcribing agency PPAK
Description conventions rda
082 04 - DEWEY DECIMAL CLASSIFICATION NUMBER
Classification number 306.409595
Edition number 23
090 00 - LOCALLY ASSIGNED LC-TYPE CALL NUMBER (OCLC); LOCAL CALL NUMBER (RLIN)
Classification number (OCLC) (R) ; Classification number, CALL (RLIN) (NR) 306.409595
Feature heading AZI
Feature heading KAM
Classification number (OCLC) (R) ; Classification number, CALL (RLIN) (NR) 306.409595
Feature heading AZI
Feature heading KIH
Classification number (OCLC) (R) ; Classification number, CALL (RLIN) (NR) 306.409595
Feature heading AZI
Feature heading KK
Classification number (OCLC) (R) ; Classification number, CALL (RLIN) (NR) 306.409595
Feature heading AZI
Feature heading KSI
Classification number (OCLC) (R) ; Classification number, CALL (RLIN) (NR) 306.409595
Feature heading AZI
Feature heading KSS
Classification number (OCLC) (R) ; Classification number, CALL (RLIN) (NR) 306.409595
Feature heading AZI
Feature heading KAO
100 0# - MAIN ENTRY--PERSONAL NAME
Personal name Aziz Deraman,
Relator term author.
245 10 - TITLE STATEMENT
Title PERANCANGAN DAN PENTADBIRAN KEBUDAYAAN DI MALAYSIA /
Statement of responsibility, etc. oleh Aziz Deraman
264 #1 - PRODUCTION, PUBLICATION, DISTRIBUTION, MANUFACTURE, AND COPYRIGHT NOTICE
Place of production, publication, distribution, manufacture Kuala Lumpur :
Name of producer, publisher, distributor, manufacturer Kementerian Kebudayaan Belia dan Sukan ,
Date of production, publication, distribution, manufacture, or copyright notice 1983
300 ## - PHYSICAL DESCRIPTION
Extent 45 pages :
Other physical details colour photographs, maps ;
Dimensions 22 cm
336 ## - CONTENT TYPE
Source rdacontent
Content type term text
337 ## - MEDIA TYPE
Source rdamedia
Media type term unmediated
338 ## - CARRIER TYPE
Source rdacarrier
Carrier type term volume
500 ## - GENERAL NOTE
General note Siri kebudayaan Kebangsaan Bil.27
650 10 - SUBJECT ADDED ENTRY--TOPICAL TERM
Topical term or geographic name entry element Malaysia
Form subdivision Social life and customs.
942 ## - ADDED ENTRY ELEMENTS (KOHA)
Koha item type Book
Source of classification or shelving scheme Dewey Decimal Classification
Holdings
Withdrawn Not for loan Current library Shelving location Date acquired Full call number Barcode Date last seen Koha item type Total Checkouts
  Not For Loan Perpustakaan Alor Setar Koleksi Salleh Ibrahim 17/07/1998 KSI 306.409595 AZI A00210074 08/05/2018 Book  
  Not For Loan Perpustakaan Alor Setar Koleksi Kedah 19/01/2016 KK 306.409595 AZI A00366596 08/05/2018 Book  
  Not For Loan Perpustakaan Alor Setar Koleksi Ismail Hussein 31/07/2008 KIH 306.409595 AZI A00171219 08/05/2018 Book  
  Not For Loan Perpustakaan Alor Setar Koleksi Shaidun Shaari 23/08/2012 KSS 306.409595 AZI A00507808 08/05/2018 Book  
  Not For Loan Perpustakaan Jitra Koleksi Asmah Haji Omar 12/04/2022 KAO 306.409595 AZI KAO000596 12/04/2022 Book  
  Not For Loan Perpustakaan Kulim Koleksi Ahmad Mokhtar 21/01/2003 KAM 306.409595 AZI A00860770 08/05/2018 Book